Normal view
MARC view
- الكتاني ،السيد محمد جعفر
Entry Personal Name
001 - CONTROL NUMBER
- control field: 56393
003 - CONTROL NUMBER IDENTIFIER
- control field: JO-AjAnu
005 - DATE AND TIME OF LATEST TRANSACTION
- control field: 20230606083237.0
008 - FIXED-LENGTH DATA ELEMENTS
- fixed length control field: 230606|| aca||aabn | a|a d
040 ## - CATALOGING SOURCE
- Original cataloging agency: JO-AjAnu
- Transcribing agency: JO-AjAnu
100 ## - HEADING--PERSONAL NAME
- Personal name: الكتاني ،السيد محمد جعفر
670 ## - SOURCE DATA FOUND
- Source citation: Work cat.: (JO-AjAnu)28777: الكتاني ،السيد محمد جعفر , author, الرسالة المستطرفة